| 000 | 00467nam a2200145Ia 4500 | ||
|---|---|---|---|
| 008 | 231129s1997||||xx |||||||||||||| ||spa|| | ||
| 020 | _a958-9410-03-0 | ||
| 040 | _bspa | ||
| 082 | _a070.44 C976d | ||
| 100 | _aCurrea-Lugo Victor de | ||
| 245 | 0 | _aDe la violencia y otras costumbres: Una mirada crítica a los años noventas desde el periodismo independiente | |
| 260 | _c1997 | ||
| 264 | _aSí Editores | ||
| 942 |
_2ddc _cBKS |
||
| 999 |
_c8790 _d8790 |
||